| 000 | 02668cam a22006735i 4500 | ||
|---|---|---|---|
| 001 | 510 | ||
| 005 | 20230511143456.0 | ||
| 008 | 230222r20221988nyua c 000 1 eng d | ||
| 020 |
_a9780593527498 _q(paperback) |
||
| 020 |
_a0593527496 _q(paperback) |
||
| 020 |
_a9781668853795 _q(Follett binding) |
||
| 020 |
_a9780142410370 _q(paperback) |
||
| 020 |
_a1668853795 _q(Follett binding) |
||
| 040 |
_aICrlF _beng _erda _cPNX _dPNX _dCHY _dBDX _dJCW _dOCLCF _dDLC _dFISKH |
||
| 050 | _aPZ7.D1515Mat | ||
| 082 | 0 | 4 |
_a823.914 _223 |
| 100 | 1 |
_aDahl, Roald, _eauthor. |
|
| 245 | 1 | 0 |
_aMatilda / _cRoald Dahl ; illustrated by Quentin Blake. |
| 260 |
_aNew York. _bPuffin. _c2013. |
||
| 300 |
_a240 pages : _billustrations ; _c20 cm |
||
| 500 | _aTitle from cover. | ||
| 500 | _a"Now a Netflix movie: Roald Dahl's Matilda the musical"--Verso of title page. | ||
| 500 | _aIncludes a preview of Charlie and the chocolate factory. | ||
| 505 | _aO | ||
| 520 | _aMatilda applies her untapped mental powers to rid the school of the evil, child-hating headmistress, Miss Trunchbull, and restore her nice teacher, Miss Honey, to financial security. | ||
| 521 |
_a840
_bLexile |
||
| 521 |
_aO
_bRaz-Plus |
||
| 650 | 0 |
_aSchools _vJuvenile fiction. |
|
| 650 | 0 |
_aDysfunctional families _vJuvenile fiction. |
|
| 650 | 0 |
_aGirls _vJuvenile fiction. |
|
| 650 | 0 |
_aRevenge _vJuvenile fiction. |
|
| 650 | 0 |
_aTeachers _vJuvenile fiction. |
|
| 650 | 0 |
_aTeacher-student relationships _vJuvenile fiction. |
|
| 650 | 0 |
_aPsychokinesis _vJuvenile fiction. |
|
| 650 | 0 | _aHumorous stories. | |
| 650 | 1 |
_aSchools _vFiction. |
|
| 650 | 1 |
_aFamily problems _vFiction. |
|
| 650 | 1 |
_aGirls _vFiction. |
|
| 650 | 1 |
_aRevenge _vFiction. |
|
| 650 | 1 |
_aTeachers _vFiction. |
|
| 650 | 1 |
_aTeacher-student relationships _vFiction. |
|
| 650 | 1 |
_aPsychokinesis _vFiction. |
|
| 650 | 1 | _aHumorous stories. | |
| 650 | 7 |
_aDysfunctional families. _2fast _0(OCoLC)fst01728523 |
|
| 650 | 7 |
_aGirls. _2fast _0(OCoLC)fst00942866 |
|
| 650 | 7 |
_aHumorous stories. _2fast _0(OCoLC)fst00963818 |
|
| 650 | 7 |
_aPsychokinesis. _2fast _0(OCoLC)fst01081322 |
|
| 650 | 7 |
_aRevenge. _2fast _0(OCoLC)fst01096476 |
|
| 650 | 7 |
_aSchools. _2fast _0(OCoLC)fst01107958 |
|
| 650 | 7 |
_aTeacher-student relationships. _2fast _0(OCoLC)fst01144236 |
|
| 650 | 7 |
_aTeachers. _2fast _0(OCoLC)fst01144248 |
|
| 655 | 7 |
_aFiction. _2fast _0(OCoLC)fst01423787 |
|
| 655 | 7 |
_aHumorous fiction. _2fast _0(OCoLC)fst01726649 |
|
| 655 | 7 |
_aJuvenile works. _2fast _0(OCoLC)fst01411637 |
|
| 655 | 7 |
_aHumorous fiction. _2lcgft |
|
| 700 | 1 |
_aBlake, Quentin, _eillustrator. |
|
| 906 |
_a0 _bibc _ccopycat _d2 _encip _f20 _gy-gencatlg |
||
| 942 |
_2ddc _cBK _n0 |
||
| 999 |
_c510 _d510 |
||